00681nam a2200181 i 4500001000700000003000900007005001700016007000300033008004100036100002800077245013000105260003900235300002700274650003800301852002100339999001900360952012000379126078ES-MaACL20230906192742.0t|070214s1917 fr r ||||1| fre d1 aReinach, Joseph.99603810aHistoire de douze jours b: (23 juillet - 3 aout 1914) : origines diplomatiques de la guerre de 1914-1917 / cJoseph Reinach. aParís : bFélix Alcan, c1917. a660 p. ; c23 x 14 cm.04aGuerra mundial, 1914-1918.913212 aES-MaACLjF-8937 c126078d126078 00104070aATENEOMbATENEOMcSPP2d2008-01-17eSCl0oF-8937p1131325r2023-02-23 00:00:00w2023-02-23yMONOGRAFIA